000 00248nam a22001217a 4500
020 _a978-81-286-2891-7
082 _a823
_bBLY/N
100 _aBLYTON
245 _aNODDY
260 _aMUMBAI
_bEURO KIDS
650 _aENGLISH SHORT STORY
942 _cBK
999 _c3244
_d3244